000
00283nam a2200097Ia 4500
008
120527s9999 xx 000 0 und d
100
_a
OLAYINKA, KIO-Folake
245
_a
Situation analysis of support groups for people living with Hiv/Aids in Nig
260
_b
Action aid
942
_c
BK
999
_c
25379
_d
25379